| 000 | 00873nam a22003017a 4500 | ||
|---|---|---|---|
| 001 | 5772 | ||
| 003 | FISKH | ||
| 005 | 20250121144210.0 | ||
| 008 | 250121b cb ||||| |||| 00| 0 eng d | ||
| 020 | _a0439291607 | ||
| 040 |
_aFISKH _beng _cFISKH _dFISKH |
||
| 050 | _aPZ7.B62275 | ||
| 082 | _a447 | ||
| 100 |
_aBloom, Becky _d(1971-) |
||
| 245 |
_aWolf! / _cby Becky Bloom illustrated by Pascal Biet |
||
| 250 | _aFirst printing in 2001 | ||
| 260 |
_aNew York : _bScholastic, _c2001. |
||
| 300 |
_a26 pages : _bcolor illustrations ; _c29 cm |
||
| 505 | _aG | ||
| 520 | _aA wolf learns to read in order to impress a group of farmyard animals he has met. | ||
| 521 | 8 |
_a340
_bLexile |
|
| 521 | 8 |
_aG
_bRaz-Plus |
|
| 650 |
_2Fiction _aAnimals |
||
| 650 |
_2Fairy tales _aFarm |
||
| 700 |
_aBiet, Pascal _dillustrator |
||
| 942 |
_2ddc _cBK _n0 |
||
| 999 |
_c5772 _d5772 |
||